000 00422nam a2200181Ia 4500
001 24069
005 20260414151019.0
008 260414t1981||||xx |||||||||||||| ||spa||
041 _aESP
082 _a759.46092
_bE92
100 _aCombalia, Dexeus
_eAUT
245 0 _aEstudios sobre Picasso
_b
260 _c1981
300 _a284 páginas :
_c24 cm.
650 _aABD
654 _aCAU
942 _cLIB
_dJUS
_fJUS
_2ddc
_n
999 _c24069
_d24069